[Event "Titled Tuesday 23rd Mar"]
[Site "chess.com INT"]
[Date "2021.03.23"]
[Round "10"]
[White "Nakamura,Hi"]
[Black "Abdusattorov,Nodirbek"]
[Result "1-0"]
[WhiteElo "2736"]
[BlackElo "2627"]

1.e4 e5 2.Nf3 Nc6 3.Bb5 a6 4.Ba4 Nf6 5.Bxc6 dxc6 6.d3 Bd6 7.Nbd2 Be6 8.O-O Nd7
9.b3 Qe7 10.Nc4 f6 11.Bd2 O-O 12.Nh4 g6 13.g3 b5 14.Ne3 f5 15.exf5 gxf5 16.Qh5 Qf7
17.Qxf7+ Rxf7 18.Nf3 h6 19.Ng2 Kh7 20.Rfe1 Bd5 21.Nfh4 c5 22.c4 Bc6 23.f4 e4
24.Ne3 Raf8 25.Nexf5 exd3 26.Nxd6 cxd6 27.Re3 bxc4 28.bxc4 Nb6 29.Rc1 Re8
30.Rxd3 Rd7 31.Ba5 Nc8 32.Kf2 Rde7 33.Re1 Rxe1 34.Bxe1 Re4 35.Nf5 Rxc4 36.Nxd6 Rc2+
37.Ke3 Ne7 38.Rd2 Nd5+ 39.Kf2 Rc1 40.Nf5 c4 41.Nd4 Ba8 42.Ne2 Ra1 43.h3 c3
44.Nxc3 Nxc3 45.Rd7+ Kg6 46.Bxc3 Rxa2+ 47.Ke3 h5 48.g4 hxg4 49.hxg4 Ra4 50.Be5 Re4+
51.Kf2 Ra4 52.Kg3 Ra2 53.f5+ Kg5 54.Rg7+ Kh6 55.Rg8 Bd5 56.Rh8+ Kg5 57.Rh5+  1-0

[Event "Titled Tuesday 23rd Mar"]
[Site "chess.com INT"]
[Date "2021.03.23"]
[Round "11"]
[White "Onischuk,V"]
[Black "Nakamura,Hi"]
[Result "0-1"]
[WhiteElo "2622"]
[BlackElo "2736"]

1.Nf3 d5 2.g3 g6 3.Bg2 Bg7 4.O-O e5 5.d3 Ne7 6.Nc3 d4 7.Ne4 Nbc6 8.c3 O-O
9.cxd4 exd4 10.Bd2 a5 11.Qa4 b6 12.Rfc1 Be6 13.Bg5 f6 14.Bf4 Bd5 15.Nxd4 Nxd4
16.Qxd4 c5 17.Qa4 g5 18.Bd2 Ng6 19.Bc3 Kh8 20.Re1 Qe7 21.Nd2 Bxg2 22.Kxg2 Qb7+
23.Qe4 Qd7 24.a4 Rae8 25.Qc4 Re6 26.d4 cxd4 27.Bxd4 Rc8 28.Qd3 Rd8 29.e3 Rd6
30.Rec1 g4 31.Nc4 Rc6 32.Kg1 Ne5 33.Qe2 Nf3+ 34.Kg2 Qd5 35.Kf1 Nxd4  0-1

[Event "Chess.com SIG Bullet KO"]
[Site "chess.com INT"]
[Date "2021.04.06"]
[Round "1.2"]
[White "Erigaisi,Arjun"]
[Black "Nakamura,Hi"]
[Result "1-0"]
[WhiteElo "2567"]
[BlackElo "2736"]

1.d4 g6 2.c4 Bg7 3.e4 d6 4.Nc3 Nc6 5.d5 Nd4 6.Nge2 c5 7.Be3 Nxe2 8.Bxe2 Nf6
9.Qd2 O-O 10.O-O a6 11.Rad1 e6 12.dxe6 Bxe6 13.Qxd6 Qxd6 14.Rxd6 Rac8 15.Rfd1 Rfe8
16.f3 h5 17.Kf2 h4 18.Na4 Bf8 19.Rb6 Rc7 20.Bf4 Rd7 21.Rxd7 Bxd7 22.Nc3 Bc6
23.Nd5 Nd7 24.Rb3 Bg7 25.Be3 f5 26.exf5 gxf5 27.Bd3 Ne5 28.Bxc5 Nxd3+ 29.Rxd3 Bxb2
30.Ne7+ Kf7 31.Nxc6 bxc6 32.Rd7+ Ke6 33.Rd6+ Ke5 34.g3 hxg3+ 35.hxg3 f4 36.Rxc6 fxg3+
37.Kxg3 Rg8+ 38.Kf2 Rd8 39.Rxa6 Rc8 40.Ra5 Ke6 41.Ke2 Rg8 42.Be3 Rc8 43.Kd3 Bf6
44.Ra6+ Kf5 45.Ra5+ Ke6 46.Rd5 Ra8 47.Bd4 Be7 48.f4 Rxa2 49.f5+ Kf7 50.Rd7 Ke8
51.Rb7 Ra6 52.Ke4 Bd8 53.c5 Rh6 54.Kd5 Rh1 55.Ke6 Re1+ 56.Be5 Kf8 57.Rh7  1-0

[Event "Chess.com SIG Bullet KO"]
[Site "chess.com INT"]
[Date "2021.04.06"]
[Round "1.3"]
[White "Nakamura,Hi"]
[Black "Erigaisi,Arjun"]
[Result "1-0"]
[WhiteElo "2736"]
[BlackElo "2567"]

1.b3 Nf6 2.Bb2 g6 3.Nf3 Bg7 4.e3 O-O 5.d4 d6 6.Be2 Nbd7 7.O-O c6 8.c4 Qc7
9.b4 e5 10.dxe5 dxe5 11.c5 Re8 12.Nc3 Nf8 13.Nd2 Be6 14.Nc4 Bxc4 15.Bxc4 Rad8
16.Qb3 e4 17.h3 Ne6 18.Rfd1 Ng5 19.Ne2 h5 20.Nf4 Qe7 21.Nxg6 Qc7 22.Nf4 Kh7
23.h4 Ne6 24.Bxe6 fxe6 25.Nxe6 Rxd1+ 26.Rxd1 Qe7 27.Nxg7 Kg6 28.Nxe8  1-0

[Event "Chess.com SIG Bullet KO"]
[Site "chess.com INT"]
[Date "2021.04.06"]
[Round "1.1"]
[White "Nakamura,Hi"]
[Black "Erigaisi,Arjun"]
[Result "1-0"]
[WhiteElo "2736"]
[BlackElo "2567"]

1.Nf3 Nf6 2.b3 d5 3.Bb2 Bf5 4.e3 e6 5.d4 h6 6.Bd3 Nbd7 7.O-O Bd6 8.c4 Bxd3
9.Qxd3 c6 10.Nc3 O-O 11.e4 dxe4 12.Nxe4 Nxe4 13.Qxe4 Nf6 14.Qe2 Qa5 15.a3 Rad8
16.Rfe1 Qf5 17.Rad1 Rfe8 18.Rd3 a5 19.g3 Bc7 20.Re3 Rd7 21.Ne5 Bxe5 22.Rxe5 Qg6
23.Rxa5 Red8 24.Re5 h5 25.h3 Qh6 26.h4 Ng4 27.Re4 Nf6 28.Re3 Qg6 29.Rd3 c5
30.Red1 Qf5 31.d5 exd5 32.Bxf6 gxf6 33.Rf3 Qg4 34.cxd5 Rxd5 35.Rxd5 Rxd5
36.Kg2 Rf5 37.Re3 Qxe2 38.Rxe2 Rd5 39.Re3 Kg7 40.Re7 b5 41.Rc7 Rd3 42.Rxc5 Rxb3
43.Rxh5 Kg6 44.Rc5 f5 45.Rc6+ f6 46.Rc5 Rxa3 47.Rxb5 Ra2 48.Rc5 Ra4 49.Rc3 Rb4
50.Rf3 Ra4 51.Re3 Rb4 52.Kf3 Ra4 53.Rd3 Ra1 54.Ke3 Ra4 55.Rd4 Ra3+ 56.Kf4 Ra2
57.f3 Ra5 58.Rc4 Rb5 59.g4 fxg4 60.fxg4 Rb1 61.h5+ Kg7 62.Kf5 Rf1+ 63.Rf4 Re1
64.Re4 Rf1+ 65.Ke6 Kh6 66.Rd4 Kg5 67.Kf7 Ra1 68.Rd5+ Kxg4 69.h6 f5 70.Rd7 Ra8
71.Kg6 f4 72.Rd4 Rh8 73.Kg7 Rxh6 74.Kxh6 Kg3 75.Kg5 f3 76.Rg4+ Kf2 77.Rf4 Ke2
78.Re4+ Kf1 79.Kf4 f2 80.Kf3 Kg1 81.Rg4+ Kf1 82.Rg2 Ke1 83.Rxf2 Kd1 84.Re2  1-0

[Event "Chess.com SIG Bullet KO"]
[Site "chess.com INT"]
[Date "2021.04.06"]
[Round "1.5"]
[White "Nakamura,Hi"]
[Black "Erigaisi,Arjun"]
[Result "1-0"]
[WhiteElo "2736"]
[BlackElo "2567"]

1.b3 d5 2.Bb2 c6 3.Nf3 Nf6 4.e3 Bf5 5.d4 e6 6.Bd3 Nbd7 7.O-O Bd6 8.c4 O-O
9.Nc3 Re8 10.Qc2 Bxd3 11.Qxd3 Qa5 12.e4 dxe4 13.Nxe4 Nxe4 14.Qxe4 Rad8 15.a3 Qf5
16.Qe2 h6 17.Rfe1 Nf6 18.Rad1 b6 19.Rd3 Rd7 20.g3 Red8 21.Re3 c5 22.Rd1 Bf8
23.Ne5 Rd6 24.Red3 cxd4 25.Bxd4 Qe4 26.Qxe4 Nxe4 27.Bb2 Rxd3 28.Rxd3 Rxd3
29.Nxd3 Nc5 30.Nxc5 bxc5 31.f3 f6 32.h4 Kf7 33.h5 g6 34.g4 gxh5 35.gxh5 e5
36.Kf2 Ke6 37.Bc1 f5 38.Ke2 f4 39.Kd3 Kf5 40.Bd2 a6 41.b4 cxb4 42.axb4 Kg5
43.Ke4 Kxh5 44.Kxe5 Kh4 45.c5 Kg3 46.c6  1-0

[Event "Chess.com SIG Bullet KO"]
[Site "chess.com INT"]
[Date "2021.04.06"]
[Round "1.6"]
[White "Erigaisi,Arjun"]
[Black "Nakamura,Hi"]
[Result "0-1"]
[WhiteElo "2567"]
[BlackElo "2736"]

1.e4 g6 2.d4 Bg7 3.c4 c6 4.Nc3 d6 5.f4 Nf6 6.e5 Nfd7 7.Nf3 O-O 8.Be2 c5 9.dxc5 dxe5
10.fxe5 Nxe5 11.Qxd8 Rxd8 12.Nd5 Nbc6 13.O-O Nxf3+ 14.Bxf3 h6 15.Re1 e6 16.Nc3 Bd4+
17.Be3 Bxe3+ 18.Rxe3 Bd7 19.Rd1 Be8 20.Red3 Rxd3 21.Rxd3 Ne5 22.Rd2 Nxc4
23.Rd4 Ne5 24.Bxb7 Rb8 25.Ba6 Kf8 26.Rd2 Bc6 27.a3 Ke7 28.b4 Rd8 29.Rxd8 Kxd8
30.h3 f5 31.Kf2 g5 32.g3 Nd7 33.Ke3 e5 34.Bb5 f4+ 35.gxf4 gxf4+ 36.Kd3 e4+
37.Kd4 Bxb5 38.Nxb5 e3 39.Nc3 Nf6 40.b5 h5 41.c6 Nd5 42.Kxd5 f3 43.Kd6 e2
44.c7+ Kc8 45.b6 e1=Q 46.Nb5 Qg3+ 47.Kc6 Qg6+ 48.Nd6+ Qxd6+ 49.Kxd6 axb6
50.Kc6 f2 51.a4 f1=Q  0-1

[Event "Chess.com SIG Bullet KO"]
[Site "chess.com INT"]
[Date "2021.04.06"]
[Round "1.4"]
[White "Erigaisi,Arjun"]
[Black "Nakamura,Hi"]
[Result "0-1"]
[WhiteElo "2567"]
[BlackElo "2736"]

1.d4 g6 2.c4 Bg7 3.e4 d6 4.Be3 Nf6 5.Nc3 O-O 6.Be2 c5 7.d5 e6 8.Nf3 exd5
9.cxd5 Re8 10.Nd2 a6 11.a4 Nbd7 12.O-O h5 13.h3 Nh7 14.Qc2 h4 15.f4 f5 16.Bd3 Ndf6
17.Rae1 fxe4 18.Ndxe4 Bf5 19.Nd2 Qd7 20.Nc4 Rad8 21.a5 Nh5 22.Nb6 Qf7 23.Bxf5 Qxf5
24.Qxf5 gxf5 25.Rf3 Bxc3 26.bxc3 N7f6 27.Bf2 Rxe1+ 28.Bxe1 Re8 29.Bxh4 Re2
30.Nc4 Ne4 31.g4 Ng7 32.Be7 Re1+ 33.Kg2 Ne8 34.gxf5 Kf7 35.f6 N8xf6 36.Bxd6 Nxd5
37.Be5 Re2+ 38.Kf1 Ra2 39.Nd6+ Ke6 40.Nxe4 Rxa5 41.Ng3 c4 42.Kf2 Ra2+ 43.Ne2 b5
44.Bd4 Kf5 45.h4 b4 46.cxb4 Nxb4 47.Re3 Nc2 48.Re5+ Kg4 49.Bc3 Kxh4 50.Kf3 Ra3
51.Re7 Nd4+ 52.Nxd4 Rxc3+ 53.Ke4 Rc1 54.Nf5+ Kh3 55.Ne3 c3 56.Rh7+ Kg3 57.Rd7 Kf2
58.Rc7 Ke2 59.Rc4 Ra1 60.Rd4 Ra4 61.Nc4 Ra2 62.Ne3 c2 63.Rc4 c1=Q 64.Rc2+ Rxc2
65.Nxc2 Qxc2+  0-1

[Event "Chess.com SIG Bullet KO"]
[Site "chess.com INT"]
[Date "2021.04.06"]
[Round "1.8"]
[White "Erigaisi,Arjun"]
[Black "Nakamura,Hi"]
[Result "0-1"]
[WhiteElo "2567"]
[BlackElo "2736"]

1.e4 g6 2.d4 Bg7 3.c4 d6 4.Nc3 Nf6 5.Be2 O-O 6.Bg5 c5 7.d5 e6 8.Nf3 exd5
9.cxd5 h6 10.Be3 Re8 11.Nd2 Na6 12.O-O Nc7 13.a4 b6 14.h3 Ba6 15.Bxa6 Nxa6
16.Re1 Nc7 17.Qc2 Na6 18.Rad1 Nb4 19.Qb1 a6 20.Bf4 Bf8 21.Nc4 Rb8 22.e5 dxe5
23.Bxe5 Rb7 24.Bxf6 Rxe1+ 25.Rxe1 Qxf6 26.Re8 Re7 27.Ne4 Qd4 28.Rxe7 Bxe7
29.Nxb6 Nd3 30.Nc3 Qxf2+ 31.Kh1 Qg3 32.Nc4 Nf2+ 33.Kg1 Nxh3+ 34.Kh1 Nf2+
35.Kg1 Ng4 36.Qd1 Qf2+ 37.Kh1 Qh4+ 38.Kg1 Bf6 39.Ne2 Bd4+ 40.Nxd4 Qh2+ 41.Kf1 Qh1+
42.Ke2 Qxg2+ 43.Kd3 Nf2+  0-1

[Event "Chess.com SIG Bullet KO"]
[Site "chess.com INT"]
[Date "2021.04.06"]
[Round "1.9"]
[White "Nakamura,Hi"]
[Black "Erigaisi,Arjun"]
[Result "1-0"]
[WhiteElo "2736"]
[BlackElo "2567"]

1.e4 e6 2.Nc3 d5 3.d4 Nf6 4.e5 Ne4 5.Nce2 f6 6.f3 Ng5 7.h4 Nf7 8.f4 c5 9.c3 Nc6
10.Nf3 Qb6 11.a3 Be7 12.g3 O-O 13.Bg2 Bd7 14.Rf1 Rac8 15.b4 cxd4 16.cxd4 a5
17.bxa5 Nxa5 18.Be3 Nc4 19.Bc1 Nh6 20.Bh3 Nf5 21.Bxf5 exf5 22.Kf2 Qa5 23.Kg2 Ba4
24.Qe1 Qa6 25.Nc3 Bc6 26.exf6 Bxf6 27.Kh2 Rce8 28.Ne5 Nd6 29.Be3 Ne4 30.Nxe4 dxe4
31.Qb4 Bd5 32.Rf2 Qe6 33.Rc1 Rc8 34.Rfc2 h6 35.Qb5 Rxc2+ 36.Rxc2 Ra8 37.Ng6 Rxa3
38.h5 Rxe3 39.Qc5 Re1 40.Qf8+  1-0

[Event "Chess.com SIG Bullet KO"]
[Site "chess.com INT"]
[Date "2021.04.06"]
[Round "1.7"]
[White "Nakamura,Hi"]
[Black "Erigaisi,Arjun"]
[Result "1-0"]
[WhiteElo "2736"]
[BlackElo "2567"]

1.e4 e6 2.Nc3 d5 3.d4 Nf6 4.e5 Ne4 5.Nce2 f6 6.f3 Ng5 7.h4 Nf7 8.f4 c5 9.c3 Nc6
10.Nf3 Qb6 11.a3 Bd7 12.h5 cxd4 13.cxd4 Rc8 14.Nc3 fxe5 15.fxe5 Be7 16.Na4 Qc7
17.Bd3 b5 18.Nc3 b4 19.Ne2 bxa3 20.bxa3 Qb6 21.Rb1 Qa5+ 22.Qd2 O-O 23.O-O Qxd2
24.Nxd2 Na5 25.Nf3 Nc4 26.Rb7 Rfd8 27.Rxa7 Nh6 28.Ng5 Nf5 29.Nxe6 Bxe6 30.Bxf5 Bxf5
31.Rxf5 Bf8 32.h6 gxh6 33.e6 Re8 34.Nf4 Nd6 35.Rxd5 Rxc1+ 36.Kh2 Rf1 37.g3 Re7
38.Ra8 Rb7 39.Rxd6  1-0

[Event "Chess.com SIG Bullet KO"]
[Site "chess.com INT"]
[Date "2021.04.06"]
[Round "1.11"]
[White "Nakamura,Hi"]
[Black "Erigaisi,Arjun"]
[Result "1-0"]
[WhiteElo "2736"]
[BlackElo "2567"]

1.e4 e6 2.Nc3 d5 3.d4 Nf6 4.e5 Ne4 5.Nce2 f6 6.f3 Ng5 7.h4 Nf7 8.f4 c5 9.c3 Nc6
10.Nf3 Qb6 11.a3 Be7 12.b4 cxd4 13.cxd4 O-O 14.Rb1 Bd7 15.Rh3 Rac8 16.Be3 fxe5
17.fxe5 Nh6 18.Bxh6 gxh6 19.Qd2 Kh8 20.Qxh6 Rg8 21.Ng5 Rg7 22.Rd1 Rf8 23.Rf3 Rxf3
24.Nxf3 Nd8 25.Nf4 Nf7 26.Qh5 a5 27.bxa5 Qxa5+ 28.Kf2 Qxa3 29.Bd3 b5 30.Kg1 Kg8
31.Ng5 Bxg5 32.hxg5 Nxg5 33.Qe2 Qb4 34.Bc2 Qc3 35.Nh5 Nf3+ 36.Kh1 Nxd4 37.Qf2 Nxc2
38.Nxg7 Ne3 39.Nh5 Nxd1 40.Qf6 Nf2+ 41.Qxf2 Qc1+ 42.Kh2 Qh6 43.Qh4 Kf7 44.Kg1 Qc1+
45.Kh2 Qh6 46.Kg1 b4 47.Qf2+ Ke7 48.Nf6 Qc1+ 49.Kh2 Qh6+ 50.Kg1 Qc1+ 51.Kh2 Qc8
52.Qh4 Kd8 53.Nxd5+ Ke8 54.Qe7+  1-0

[Event "Chess.com SIG Bullet KO"]
[Site "chess.com INT"]
[Date "2021.04.06"]
[Round "1.12"]
[White "Erigaisi,Arjun"]
[Black "Nakamura,Hi"]
[Result "1-0"]
[WhiteElo "2567"]
[BlackElo "2736"]

1.d4 g6 2.c4 Bg7 3.e4 c5 4.d5 d6 5.Nc3 Nf6 6.Be2 O-O 7.Nf3 e6 8.O-O exd5
9.cxd5 Re8 10.Bg5 h6 11.Bxf6 Bxf6 12.Qd2 Bg7 13.Rfe1 a6 14.a4 Nd7 15.h3 Nf6
16.Bc4 Nd7 17.a5 b5 18.axb6 Nxb6 19.Bf1 Rb8 20.Bxa6 Bxa6 21.Rxa6 Nc4 22.Qe2 Nxb2
23.Nb5 c4 24.Nxd6 Re7 25.Nxc4 Nxc4 26.Qxc4 Rc7 27.Qd3 Rc3 28.Qd1 Rb2 29.d6 Rcc2
30.Rf1 Bf8 31.Qd5 Qd7 32.Ne5 Qe6 33.Qxe6 fxe6 34.d7 Be7 35.Rxe6 Bh4 36.g3 Bd8
37.Re8+ Kg7 38.Rxd8 Rd2 39.Re8 Kf6 40.d8=Q+ Rxd8 41.Rxd8 Kxe5 42.Rg8 g5 43.Rg6  1-0

[Event "Chess.com SIG Bullet KO"]
[Site "chess.com INT"]
[Date "2021.04.06"]
[Round "1.10"]
[White "Erigaisi,Arjun"]
[Black "Nakamura,Hi"]
[Result "1-0"]
[WhiteElo "2567"]
[BlackElo "2736"]

1.c4 g6 2.d4 Bg7 3.Nc3 d6 4.e4 Nf6 5.Be3 O-O 6.Be2 a6 7.Nf3 Nbd7 8.O-O e5
9.h3 exd4 10.Nxd4 Re8 11.Bf3 Ne5 12.b3 Nxf3+ 13.Qxf3 Nd7 14.Rad1 Nc5 15.Rfe1 Bd7
16.Bf4 b5 17.cxb5 axb5 18.Ndxb5 Bxb5 19.Nxb5 Rxa2 20.e5 Bf8 21.Qc6 Ra6 22.Qxc7 Ne6
23.Qxd8 Rxd8 24.Bg3 Rb8 25.Nxd6 Rxb3 26.Ne4 Be7 27.Rd7 Bd8 28.Red1 Ra8 29.Nd6 Bb6
30.Rxf7 Rxg3 31.Rf6 Ng5 32.Nc4 Nxh3+ 33.Kh2 Nxf2 34.Nxb6 Nxd1 35.Kxg3 Nc3
36.Nxa8 Ne4+ 37.Kf4 Nxf6 38.exf6 Kf7 39.Kg5 h6+ 40.Kxh6 Kxf6 41.g4  1-0

[Event "Chess.com SIG Bullet KO"]
[Site "chess.com INT"]
[Date "2021.04.06"]
[Round "1.14"]
[White "Erigaisi,Arjun"]
[Black "Nakamura,Hi"]
[Result "0-1"]
[WhiteElo "2567"]
[BlackElo "2736"]

1.c4 g6 2.d4 Bg7 3.Nc3 Nf6 4.e4 O-O 5.Be2 d6 6.Bg5 Nc6 7.Nf3 h6 8.Be3 e5
9.d5 Ne7 10.h3 Nd7 11.Qd2 Kh7 12.g4 a5 13.h4 Nc5 14.h5 g5 15.Nh2 Bd7 16.f3 Nc8
17.Nf1 Nb6 18.Ng3 Bf6 19.Kf2 Rc8 20.Rhc1 Re8 21.b3 c6 22.Rab1 cxd5 23.exd5 e4
24.Ncxe4 Nxe4+ 25.Nxe4 Rxe4 26.fxe4 Be5 27.Kg2 Na8 28.Rf1 Qe7 29.Bd4 f6 30.Bxe5 Qxe5
31.Bd3 Kg7 32.Qe2 Nc7 33.Qf3 Na6 34.Rf2 Nc5 35.Rbf1 Rf8 36.Bb1 b5 37.Qg3 bxc4
38.Qxe5 dxe5 39.bxc4 Bxg4 40.Rb2 Bxh5 41.Rb5 Rc8 42.Rxa5 Be8 43.Ra7+ Kg6
44.Bc2 Rb8 45.Rf2 h5 46.Rc7 Na6 47.Re7 Nc5 48.a4 h4 49.a5 g4 50.Rc7 Na6 51.Ra7 g3
52.Rd2 Nc5 53.a6 Rc8 54.d6 Bd7 55.Bd1 h3+ 56.Kg1 h2+ 57.Kh1 Bc6 58.Bf3 Rb8
59.Kg2 Rb1 60.Kxg3 h1=Q 61.Bxh1 Rxh1 62.Kg2 Bxe4+ 63.Kf2 Rh2+ 64.Ke3 Rh3+
65.Kf2 Nd3+ 66.Ke2 Nf4+ 67.Kf2 Rh2+ 68.Ke3 Rh4 69.Kxe4 Ne2+ 70.Kd5 Nc3+ 71.Kc6 Rxc4+
72.Kb7 Nb5 73.Ka8 Rc8+  0-1

[Event "Chess.com SIG Bullet KO"]
[Site "chess.com INT"]
[Date "2021.04.06"]
[Round "1.15"]
[White "Nakamura,Hi"]
[Black "Erigaisi,Arjun"]
[Result "1-0"]
[WhiteElo "2736"]
[BlackElo "2567"]

1.b3 d5 2.Bb2 c6 3.Nf3 Nf6 4.e3 Bf5 5.d4 e6 6.Bd3 Bd6 7.Nbd2 O-O 8.O-O Bxd3
9.cxd3 Nbd7 10.e4 Be7 11.Re1 h6 12.e5 Nh5 13.g3 Qa5 14.a3 Qb5 15.Qe2 a5 16.Rec1 Rfc8
17.Ne1 g6 18.Nf1 Ng7 19.Ne3 h5 20.Rcb1 Bg5 21.f4 Bh6 22.Bc1 Nf8 23.Nf3 Nh7
24.h3 Qb6 25.Ng2 Nf5 26.Qf2 Bf8 27.g4 hxg4 28.hxg4 Ne7 29.Be3 Bg7 30.Kh2 Nf8
31.Kg3 f6 32.Ngh4 Nd7 33.exf6 Bxf6 34.Ne5 Bxh4+ 35.Kxh4 Qc7 36.Rh1 Kg7 37.Kg3 Rh8
38.Nf3 Rag8 39.Ng5 Qd6 40.Qe2 Nf8 41.Bd2 Nc8 42.b4 a4 43.b5 cxb5 44.Bb4 Qd7
45.Qe5+  1-0

[Event "Chess.com SIG Bullet KO"]
[Site "chess.com INT"]
[Date "2021.04.06"]
[Round "1.13"]
[White "Nakamura,Hi"]
[Black "Erigaisi,Arjun"]
[Result "1-0"]
[WhiteElo "2736"]
[BlackElo "2567"]

1.b3 d5 2.Bb2 c6 3.Nf3 Nf6 4.e3 Bf5 5.d4 e6 6.Bd3 h6 7.c4 Bd6 8.Qc2 Bxd3
9.Qxd3 O-O 10.Nbd2 Nbd7 11.O-O Qa5 12.a3 Rad8 13.e4 dxe4 14.Nxe4 Nxe4 15.Qxe4 Qf5
16.Qe2 Rfe8 17.Rfe1 Nf6 18.Rad1 Bc7 19.Rd3 Ba5 20.Red1 Bc7 21.g3 b6 22.b4 c5
23.dxc5 bxc5 24.b5 Rxd3 25.Rxd3 Rd8 26.Rxd8+ Bxd8 27.Kg2 Qe4 28.Qxe4 Nxe4
29.a4 Nd6 30.Ne5 Bb6 31.Bc3 f6 32.Nc6 Nxc4 33.a5 Bc7 34.Kf3 Kf7 35.Ke2 Ke8
36.Kd3 Nd6 37.Nxa7 Bb8 38.Nc6 Bc7 39.b6 Kd7 40.Na7 Bb8 41.Bd2 e5 42.Be3 c4+
43.Kc3 f5 44.Kb4 g5 45.Bc5 Ne4 46.Nb5 f4 47.Kxc4 Kc6 48.Bb4 Nxf2 49.Bc5 Ne4
50.Bg1 f3 51.a6 f2 52.Bxf2 Nxf2 53.a7 Bxa7 54.bxa7 Kb7 55.Kd5 e4 56.Kd4 Ng4
57.h3 Nh2 58.Nd6+ Kxa7 59.Nxe4 Nf1 60.Kd3 Kb6 61.Ke2 Nxg3+ 62.Nxg3 Kc5 63.Kf3 Kd5
64.Kg4 Ke6 65.Nf5 Ke5 66.Nxh6 Kf6 67.Nf5 Kg6 68.Ng3 Kf6 69.Ne4+  1-0

[Event "Chess.com SIG Bullet KO"]
[Site "chess.com INT"]
[Date "2021.04.06"]
[Round "1.16"]
[White "Erigaisi,Arjun"]
[Black "Nakamura,Hi"]
[Result "0-1"]
[WhiteElo "2567"]
[BlackElo "2736"]

1.Nf3 g6 2.c4 Bg7 3.Nc3 d6 4.d4 Nf6 5.e4 O-O 6.Be2 Nc6 7.O-O e5 8.dxe5 dxe5
9.Qxd8 Rxd8 10.Bg5 Bg4 11.Bxf6 Bxf6 12.Nd5 Kg7 13.Nxc7 Bxf3 14.Bxf3 Rac8
15.Nd5 Nd4 16.b3 b5 17.cxb5 Nxb5 18.Rac1 Bg5 19.Rc4 Rxc4 20.bxc4 Nd4 21.Bd1 Rb8
22.Bb3 Bd8 23.Rb1 Bb6 24.Kf1 Bc5 25.Bc2 Rc8 26.Bd3 Ne6 27.Rb7 Bd4 28.Be2 Nc5
29.Rxa7 Nxe4 30.Rd7 Rb8 31.Bd3 Nxf2 32.Bc2 Rb2 33.Bb3 Nd3 34.Nc7 Rf2+ 35.Kg1 Re2+  0-1

[Event "Titled Tuesday 6th Apr"]
[Site "chess.com INT"]
[Date "2021.04.06"]
[Round "11"]
[White "Nakamura,Hi"]
[Black "Perez Ponsa,F"]
[Result "1/2-1/2"]
[WhiteElo "2736"]
[BlackElo "2554"]

1.Nf3 Nf6 2.b3 g6 3.Bb2 Bg7 4.d4 O-O 5.e3 c5 6.dxc5 Qa5+ 7.c3 Qxc5 8.Ba3 Qb6
9.Bxe7 Re8 10.Bxf6 Bxf6 11.Be2 Nc6 12.O-O Ne5 13.Nd4 d5 14.Nd2 Bd7 15.N2f3 Nc6
16.Qd2 Rad8 17.Rfd1 Kg7 18.Rac1 a6 19.Ne1 Ne5 20.Nd3 Nxd3 21.Qxd3 Bc8 22.Bf3 h5
23.Ne2 Bf5 24.Qd2 Be4 25.Bxe4 dxe4 26.Nd4 Be5 27.Qe1 Qf6 28.Ne2 Rc8 29.c4 h4
30.h3 b6 31.Rd5 Bb8 32.Rcd1 Re5 33.a4 b5 34.axb5 axb5 35.Qb4 bxc4 36.bxc4 Rxd5
37.cxd5 Rc2 38.Nf4 Bxf4 39.exf4 Qxf4 40.Qd4+ Qf6 41.d6 Qxd4 42.Rxd4 Rc8 43.Rxe4 Rd8
44.Rd4 Kf6 45.Kf1 Ke5 46.Rxh4 Rxd6 47.Ra4 Kf6 48.Ke2 Rb6 49.Kf3 Rc6 50.Kg3 Rb6
51.Rf4+ Kg7 52.Rf3 Rc6 53.Re3 Rb6 54.Kg4 Rb4+ 55.f4 Rb2 56.g3 Rb7 57.Re5 Rb3
58.Kh4 Kf6 59.Ra5 Rc3 60.Kg4 Rb3 61.h4 Rc3 62.Rb5 Rd3 63.Kh3 Rc3 64.Rg5 Rd3
65.Rb5 Rc3 66.Kg2 Rd3 67.Rc5 Rb3 68.Re5 Rc3 69.Kf2 Rb3 70.Re3 Rb2+ 71.Kf3 Rb1
72.Kg4 Rb4 73.Ra3 Rc4 74.Kf3 Rb4 75.Ra6+ Kg7 76.Ra5 Rb3+ 77.Kg2 Kf6 78.Kh3 Rc3
79.Ra1 Rb3 80.Rf1 Rc3 81.Kg2 Rb3 82.Rf3 Rb2+ 83.Kh3 Rb4 84.Re3 Rc4 85.Re1 Rb4
86.Rc1 Rb3 87.Rc7 Rd3 88.Ra7 Rb3 89.Ra6+ Kg7 90.Kg4 Rc3 91.Rb6 Rd3 92.Rb2 Rc3
93.Rg2 Rb3 94.Rh2 f5+ 95.Kh3 Kh6 96.Ra2 Rb8 97.Ra6 Rc8 98.Ra3 Rb8 99.Rd3 Rc8
100.g4 fxg4+ 101.Kxg4 Rc6 102.Rd5 Ra6 103.Rc5 Rb6 104.Kf3 Ra6 105.Rb5 Rc6
106.Kg3 Rc3+ 107.Kg4 Rc6 108.Rb8 Ra6 109.Rh8+ Kg7 110.Re8 Kh6 111.Re5 Rb6
112.Rd5 Ra6 113.Rd3 Rb6 114.Re3 Ra6 115.Kf3 Rb6 116.Re5 Ra6 117.Kg4 Rb6 118.h5 gxh5+
119.Rxh5+ Kg6 120.Ra5 Kf7 121.Kg5 Rc6 122.Ra7+ Kf8 123.Rd7 Rb6 124.Kf5 Rc6
125.Ke5 Rb6 126.Rh7 Ra6 127.Kf5 Rb6 128.Rh2 Ra6 129.Re2 Rb6 130.Re6 Rb4 131.Kg5 Kf7
132.Rf6+ Kg7 133.Ra6 Rb1 134.Ra7+ Kf8 135.f5 Rb6 136.Rc7 Ra6 137.Kf4 Rb6
138.Rd7 Ra6 139.Ke5 Rb6 140.Ke4 Ra6 141.Kf4 Rb6 142.Kg5 Ra6 143.Rd1 Rb6 144.Rg1 Kf7
145.Rh1 Ra6 146.Rc1 Rb6 147.Ra1 Rc6 148.Ra7+ Kf8 149.Kf4 Rb6 150.Ke5 Rc6
151.Rd7 Rb6 152.Ke4 Ra6 153.Rd5 Kf7 154.Kf4 Kf6 155.Rd4 Rb6 156.Re4 Ra6 157.Rb4 Rc6
158.Kg4 Ra6 159.Rc4 Rb6 160.Re4 Ra6 161.Rc4 Rb6 162.Ra4 Rc6 163.Kf4 Rb6 164.Ke4 Rc6
165.Rb4 Ra6 166.Rb5 Ra4+ 167.Ke3 Rh4 168.Kd3 Rf4 169.Ke3 Rxf5 170.Rb1 Re5+
171.Kd4 Rf5 172.Rb3 Rf4+ 173.Ke3 Rf5 174.Rb1 Re5+ 175.Kf3 Rf5+ 176.Kg2 Rg5+
177.Kh3 Rh5+ 178.Kg4 Rg5+ 179.Kf4 Rf5+ 180.Ke4 Re5+ 181.Kd4 Rf5 182.Kc4 Rf4+
183.Kb5 Ke5 184.Ka6 Kd6 185.Kb6 Rd4 186.Rh1 Rb4+ 187.Ka5 Rb2 188.Rh5 Kc6
189.Rg5 Rb1 190.Rg6+ Kc5 191.Rg5+ Kc6 192.Ka4 Ra1+ 193.Kb3 Rf1 194.Rh5 Rf3+
195.Kc2 Rg3 196.Kd2 Kd6 197.Ke2 Ra3 198.Kf2 Ke6 199.Rg5 Kf6 200.Rb5 Rc3  1/2-1/2

[Event "Chess.com SIG Bullet KO"]
[Site "chess.com INT"]
[Date "2021.04.07"]
[Round "2.2"]
[White "Firouzja,Alireza"]
[Black "Nakamura,Hi"]
[Result "0-1"]
[WhiteElo "2759"]
[BlackElo "2736"]

1.d4 Nf6 2.Bg5 e6 3.e4 h6 4.Bxf6 Qxf6 5.Nc3 Qd8 6.Qd2 d5 7.e5 c5 8.f4 Nc6
9.Nf3 Qb6 10.Na4 Qb4 11.Qxb4 Nxb4 12.Kd2 b6 13.a3 Nc6 14.Bb5 Bd7 15.Nc3 Na5
16.Bxd7+ Kxd7 17.b3 Rc8 18.Ne2 c4 19.b4 c3+ 20.Kd3 Nc4 21.Rhb1 Nb2+ 22.Ke3 a5
23.bxa5 bxa5 24.Nxc3 Rxc3+ 25.Kd2 Na4 26.Rb7+ Rc7 27.Rb5 Ra7 28.c3 Be7 29.Ne1 Rc8
30.Rb3 Rac7 31.Rc1 Kc6 32.Rcb1 Kd7 33.Rc1 Rc6 34.Nd3 Nb6  0-1

[Event "Chess.com SIG Bullet KO"]
[Site "chess.com INT"]
[Date "2021.04.07"]
[Round "2.3"]
[White "Nakamura,Hi"]
[Black "Firouzja,Alireza"]
[Result "0-1"]
[WhiteElo "2736"]
[BlackElo "2759"]

1.e4 c6 2.Nf3 d5 3.Nc3 dxe4 4.Nxe4 Nf6 5.Ng3 Bg4 6.Be2 e6 7.O-O Nbd7 8.d4 Bd6
9.c3 O-O 10.h3 Bxf3 11.Bxf3 Qc7 12.Ne4 Nxe4 13.Bxe4 Nf6 14.Bc2 h6 15.Qf3 Be7
16.Re1 Rfe8 17.Bf4 Qb6 18.Bb3 a5 19.Re2 a4 20.Bc2 Qb5 21.Bd3 Qd5 22.Qe3 Qh5
23.Qd2 Nd7 24.Bg3 Bg5 25.Qc2 Bf6 26.Rae1 Qd5 27.Qb1 Nf8 28.Re4 Qd8 29.Rg4 Ra5
30.Bf4 h5 31.Rg3 g6 32.Rf3 Bg5 33.Be5 Bh6 34.Qd1 Bg7 35.Bg3 e5 36.Bc4 Re7
37.Bh4 Ne6 38.Bxe6 fxe6 39.Qe2 exd4 40.cxd4 g5 41.Bg3 Qxd4 42.Rd3 Qf6 43.Rd8+ Bf8
44.Qxh5 Rf7 45.Be5 Rxe5 46.Rxe5 Qxe5 47.Qg6+ Qg7 48.Qxe6 Qf6 49.Qc4 Qxd8  0-1

[Event "Chess.com SIG Bullet KO"]
[Site "chess.com INT"]
[Date "2021.04.07"]
[Round "2.5"]
[White "Nakamura,Hi"]
[Black "Firouzja,Alireza"]
[Result "1-0"]
[WhiteElo "2736"]
[BlackElo "2759"]

1.e4 e5 2.Nf3 Nc6 3.d4 exd4 4.Nxd4 Nf6 5.Nc3 Bb4 6.Nxc6 bxc6 7.Bd3 O-O 8.O-O d5
9.exd5 cxd5 10.Bg5 c6 11.Na4 Bd6 12.c3 h6 13.Bh4 Re8 14.Bc2 Ba6 15.Re1 Rxe1+
16.Qxe1 g5 17.Bg3 Bxg3 18.hxg3 Qd6 19.Qe3 Bb5 20.Nc5 Re8 21.Qd4 Re2 22.a4 Bc4
23.Bd3 Bxd3 24.Nxd3 Qe7 25.b4 Ne4 26.b5 c5 27.Qxd5 Rd2 28.Re1 Qd6 29.Qxd6 Nxd6
30.Nxc5 Rc2 31.Rd1 Nc4 32.Rd8+ Kg7 33.Rd7 Nd2 34.f3 Rxc3 35.Rxd2 Rc1+ 36.Kf2 Rxc5
37.Rd6 a6 38.Rxa6 Rc2+ 39.Ke3 Rxg2 40.b6 Rb2 41.a5 h5 42.Ra7 h4 43.gxh4 gxh4
44.Rc7 h3 45.Rc1 Rb5 46.Ra1 h2 47.a6 Rxb6 48.a7 Re6+ 49.Kf2 Re8 50.Kg2 Ra8
51.Kxh2 Kf6 52.Kg3 Kf5 53.Kf2 Kg5 54.Ra5+ f5 55.Ra4 Kf6 56.Ke3 Ke5 57.Ra5+ Kf6
58.Kf4 Ke6 59.Ra6+ Kd5 60.Kxf5 Kc5 61.Ra3 Kb4 62.Ra1 Kc5 63.Ke6 Kc6 64.Ke7 Kb7
65.f4 Kc7 66.f5 Kc6 67.f6 Kd5 68.Rc1 Rxa7+ 69.Ke8 Ra8+ 70.Kf7 Ra7+ 71.Kg6 Ra1
72.Kg7 Rxc1 73.f7 Rg1+ 74.Kf8 Rf1 75.Ke8 Rd1 76.f8=Q Re1+ 77.Kd8 Rb1 78.Qe7 Kc4
79.Qc7+ Kd3 80.Qb7 Kd2 81.Qxb1 Kc3 82.Ke7 Kd4 83.Kf6  1-0

[Event "Chess.com SIG Bullet KO"]
[Site "chess.com INT"]
[Date "2021.04.07"]
[Round "2.4"]
[White "Firouzja,Alireza"]
[Black "Nakamura,Hi"]
[Result "0-1"]
[WhiteElo "2759"]
[BlackElo "2736"]

1.d4 g6 2.e4 Bg7 3.Nf3 c6 4.Nc3 d5 5.e5 Bg4 6.h3 Bxf3 7.Qxf3 e6 8.h4 h5 9.Bg5 Qb6
10.O-O-O Nd7 11.Kb1 a6 12.Bd3 c5 13.Nxd5 exd5 14.e6 Ndf6 15.Rhe1 c4 16.Bf1 fxe6
17.Qh3 Kf7 18.Re5 Re8 19.Qf3 Nh6 20.Bxh6 Bxh6 21.Rde1 Kg7 22.c3 Rhf8 23.Qe2 Ne4
24.f3 Nxc3+  0-1